Normal view
MARC view
Entry Personal Name
001 - CONTROL NUMBER
- control field: 4833
003 - CONTROL NUMBER IDENTIFIER
- control field: OSt
005 - DATE AND TIME OF LATEST TRANSACTION
- control field: 20250926081952.0
008 - FIXED-LENGTH DATA ELEMENTS
- fixed length control field: 250926|| aca||aabn | a|a d
040 ## - CATALOGING SOURCE
- Original cataloging agency: OSt
- Transcribing agency: OSt
100 ## - HEADING--PERSONAL NAME
- Personal name: Chlústiková, Emília
670 ## - SOURCE DATA FOUND
- Source citation: Work cat.: (OSt)0: Prvá, Eva aut 77, Besedy s rodičmi, 1993